000 00343nam a2200145Ia 4500
008 191201s2008 xx 000 0 und d
082 _a621.3811
_bTAT
100 _aTAUB, Herbert
245 0 _aPrinciples of Communication Systems
250 _a3
260 _aN.Delhi
_bTMH
_c2008
300 _a842
650 _aB.Tech(ECE)
942 _2ddc
_cBK
999 _c3463
_d3463